| 000 -Etiqueta do registo | |
|---|---|
| campo de controlo de comprimento fixo | 006150000a22002170004500 |
| 001 - Identificador do registo | |
| Campo de controlo | 12812 |
| 010 ## - ISBN | |
| Número (ISBN) | 972-20-2194-X |
| 100 ## - Dados Gerais de Proc. | |
| Dados gerais de processamento | 20050419d2002 em|y0pory5003 ba |
| 101 0# - Língua da publicação | |
| Língua do texto, banda sonora, etc. | Português |
| 102 ## - País de Publicação | |
| País de publicação | Portugal |
| 200 1# - Título | |
| Título próprio | Bichos |
| Informação de outro título | contos |
| Primeira menção de responsabilidade | Miguel Torga |
| 205 ## - Menção da edição | |
| Menção da edição | 20ª ed |
| 210 ## - Publicação, Distribuição | |
| Lugar da edição, distribuição, etc. | Lisboa |
| Nome do editor, distribuidor, etc. | Dom Quixote |
| Data da publicação, distribuição, etc. | 2002 |
| 215 ## - Descrição física | |
| Descrição física | 120, [6] p |
| 675 ## - CDU | |
| Notação | 821.134.3-34"19" |
| Edição | BN |
| Língua da edição | Português |
| 700 #1 - Responsabilidade principal | |
| Koha Internal Code | 45558 |
| Palavra de ordem | Torga |
| Outra parte do nome | Miguel |
| Elementos de identificação ou distinção | pseud. |
| 090 ## - Números de controlo do sistema (Koha) | |
| Número biblioitem do Koha (gerado automaticamente) | 12812 |
| 942 ## - Elementos de entrada adicionados (Koha) | |
| Tipo de item no Koha | Monografias |
| Suprimido | Disponível no OPAC |
| 999 ## - Campo local | |
| Campo local | 12812 |
| Perdido (estado) | Data de aquisição | Origem do registo (biblioteca) (codificado) | Código da organização que empresta ou é detentora (biblioteca) | Localização da prateleira | Código de barras | Local | Número de inventário | Cota | Data de empréstimo ou depósito | Tipo de circulação (não pode ser emprestado) | Tipo de item e material | Removido (estado) | Menção de edição | Data da publicação, distribuição, etc. |
|---|---|---|---|---|---|---|---|---|---|---|---|---|---|---|
| Disponível | 2005-04-19 | Biblioteca Municipal Álvaro de Campos | Biblioteca Municipal Álvaro de Campos | Plano Nacional de Leitura – 3.º Ciclo | BMTAV28119 | Sala Infantil | 28119 | MJ3 TOR | 2025-03-01 | Normal | Monografias | |||
| Disponível | 2014-05-08 | Biblioteca Municipal Álvaro de Campos | Biblioteca Municipal Álvaro de Campos | Plano Nacional de Leitura – 3.º Ciclo | BMTAV53248 | Sala Infantil | 53248 | MJ3 TOR | 2025-04-15 | Normal | Monografias | Abatido | 21ª | 2005 |